Online
Catalog

Obra lírica : (Record no. 17713)

MARC details
000 -CABECERA
campo de control de longitud fija 00989cam a2200265 a 4500
001 - NÚMERO DE CONTROL
campo de control 000018192
005 - FECHA Y HORA DE LA ÚLTIMA TRANSACCIÓN
campo de control 20200929165409.0
008 - DATOS DE LONGITUD FIJA--INFORMACIÓN GENERAL
campo de control de longitud fija 831119s1976 ec 001 p spa d
040 ## - FUENTE DE LA CATALOGACIÓN
Centro catalogador/agencia de origen DO-SdBNP
Lengua de catalogación spa
Centro/agencia transcriptor DLC
Centro/agencia modificador BNPHU
082 ## - NÚMERO DE LA CLASIFICACIÓN DECIMAL DEWEY
Número de clasificación E861.1
Número de documento/Ítem B352b
049 ## - FONDOS LOCALES (OCLC)
Fondos de biblioteca BNGR
100 1# - ENTRADA PRINCIPAL--NOMBRE DE PERSONA
Nombre de persona Bautista Aguirre, Juan,
Fechas asociadas al nombre 1725-1786
9 (RLIN) 39400
245 10 - MENCIÓN DE TÍTULO
Título Obra lírica :
Resto del título versos castellanos, obras juveniles, miscelánea /
Mención de responsabilidad, etc. Juan Bautista Aguirre ; introducción Galo René Pérez.
260 ## - PUBLICACIÓN, DISTRIBUCIÓN, ETC.
Lugar de publicación, distribución, etc. Quito, Ecuador :
Nombre del editor, distribuidor, etc. Editorial Casa de la Cultura Ecuatoriana,
Fecha de publicación, distribución, etc. 1976.
300 ## - DESCRIPCIÓN FÍSICA
Extensión 135 p. ;
Dimensiones 15 cm.
490 1# - MENCIÓN DE SERIE
Mención de serie Escritores ecuatorianos
Designación de volumen o secuencia 13
504 ## - NOTA DE BIBLIOGRAFÍA, ETC.
Nota de bibliografía, etc. Incluye referencias bibliográficas
504 ## - NOTA DE BIBLIOGRAFÍA, ETC.
Nota de bibliografía, etc. Incluye notas al pie de las páginas.
650 #4 - PUNTO DE ACCESO ADICIONAL DE MATERIA--TÉRMINO DE MATERIA
Término de materia o nombre geográfico como elemento de entrada Poesía ecuatoriana
9 (RLIN) 13387
650 #4 - PUNTO DE ACCESO ADICIONAL DE MATERIA--TÉRMINO DE MATERIA
Término de materia o nombre geográfico como elemento de entrada Poesía amorosa
9 (RLIN) 9227
650 #4 - PUNTO DE ACCESO ADICIONAL DE MATERIA--TÉRMINO DE MATERIA
Término de materia o nombre geográfico como elemento de entrada Literatura ecuatoriana
9 (RLIN) 3938
700 1# - PUNTO DE ACCESO ADICIONAL--NOMBRE DE PERSONA
Nombre de persona Pérez, Galo René
Término indicativo de función/relación intr.
9 (RLIN) 8886
830 #0 - PUNTO DE ACCESO ADICIONAL DE SERIE-TÍTULO UNIFORME
Título uniforme Escritores ecuatorianos ;
Designación de volumen o secuencia 13
9 (RLIN) 39401
910 ## - DATOS DE OPCIÓN DEL USUARIO (OCLC)
Datos de opción del usuario Catalogación por copia / LC
Holdings
Estado de retiro Estado de pérdida Restricciones de uso No para préstamo Código de colección Localización permanente Ubicación/localización actual Ubicación en estantería Fecha de adquisición Número de inventario Total de préstamos Signatura topográfica completa Código de barras Fecha visto por última vez Precio válido a partir de Tipo de ítem Koha
        Monografías: Libros y Folletos General General En catalogación 20.04.2010 LF1   E861.1 B352b 18192-10 25.06.2020 25.06.2020 Préstamo en sala

Powered by Koha